El Derecho a la Seguridad Social en la Constitucin̤ de la Repb︢lica Bolivariana de Venezuela

Detalles Bibliográficos
Autor principal: Mňdez Cegarra, Absaln̤
Formato: eBook
Lenguaje:español
Publicado: Barcelona : Editorial vLex, 2005
Materias:
Acceso en línea:http://www.vlex.com/source/6999

MARC

LEADER 00000nam a22000007a 4500
005 20130221181233.0
007 cr|||| ||||
008 130221e2005 sp |||||s|||| 00||0 spa d
035 |a 6999 
040 |a vLex 
090 |c 3706  |d 3706 
100 1 0 |a Mňdez Cegarra, Absaln̤ 
245 1 3 |a El Derecho a la Seguridad Social en la Constitucin̤ de la Repb︢lica Bolivariana de Venezuela  |h [Recurso electrn̤ico] 
256 |a Servicio en ln̕ea 
260 |a Barcelona :  |b Editorial vLex,   |c 2005  
300 |a 1 Recurso electrn̤ico 
650 0 4 |a Derecho laboral y Seguridad Social  |z Venezuela 
650 0 4 |a Derecho constitucional  |z Venezuela 
740 |a vLex Libros (Servicio en ln̕ea) 
856 |a Acceso restringido  |u http://www.vlex.com/source/6999 
942 |c BOOK 
999 0 |a labor laws and legislation